ბათუმის შოთა რუსთაველის სახელმწიფო უნივერსიტეტის ბიბლიოთეკა

ციტოლოგია, ჰისტოლოგია და ემბრიოლოგია : (ბიბ.ჩანაწერი № 36564)

000 -ლიდერი
ფიქსირებული სიგრძის საკონტროლო ველი 01095nam a2200217Ia 4500
001 - საკონტროლო ნომერი
საკონტროლო ველი 2483
003 - საკონტროლო ნომრის იდენტიფიკატორი
საკონტროლო ველი GE_BSU
005 - ბოლო ოპერაციის თარიღი და დრო
საკონტროლო ველი 20250114160241.0
008 - ფიქსირებული სიგრძის მონაცემთა ელემენტები - ზოგადი ინფორმაცია
ფიქსირებული სიგრძის საკონტროლო ველი 181216s1981||||ge |||||||||||||| ||geo||
040 ## - კატალოგიზაციის წყარო
Transcribing agency GE_BSU
041 ## - ენის კოდი
Language code of text/sound track or separate title geo
080 ## - უნივერსალური ათობითი კლასიფიკაციის ინდექსი
Universal Decimal Classification number 576(075.8)
245 ## - ცნობა სათაურის შესახებ
Title ციტოლოგია, ჰისტოლოგია და ემბრიოლოგია :
Remainder of title პროგრამა სას-სამ. უმაღლ. სასწ. სპეც. 1507-ვეტერინარია /
Statement of responsibility, etc სსრკ სოფლ. მეურნ. სამ., საქ. სას-სამ. ინ-ტი, უმაღლ. და საშ. განათლ. მთ. სამ., საქ. ზოოტექნ-სავეტ. სასწ-კვლევ. ინ-ტი.
264 ## - წარმოების, გამოცემის, დისტრიბუციის და სხვა ცნობები
გამოცემის, წარმოების, დისტრიბუციის... ადგილი თბილისი,
გამოცემის, წარმოების, დისტრიბუციის... თარიღი 1981.
300 ## - ფიზიკური აღწერა
Extent 327 გვ.;
Other physical details 20სმ.
653 ## - INDEX TERM--UNCONTROLLED
Uncontrolled term ციტოლოგია
653 ## - INDEX TERM--UNCONTROLLED
Uncontrolled term ცხოველთა ჰისტოლოგია
653 ## - INDEX TERM--UNCONTROLLED
Uncontrolled term ცხოველთა ემბრიოლოგია
942 ## - ADDED ENTRY ELEMENTS (KOHA)
Koha item type წიგნი
Source of classification or shelving scheme
ეგზემპლარები
ჩამოწერის სტატუსი დაკარგული ეგზემპლარის სტატუსი კლასიფიკაციის წყარო ან თაროზე გაწყობის სქემა დაზიანების სტატუსი არ გაიცემა მუდმივი მდებარეობა (დაცვის ადგილი) ამჟამინდელი ადგილსამყოფელი თაროზე განთავსების ადგილი შეძენის თარიღი ღირებულება, შესყიდვის ნორმალური ფასი სრული შენახვის შიფრი შტრიხკოდი ბოლო ოპერაციის თარიღი ეგზემპლარის მიმდევრობითი ნომერი (კეტერი?) ფასის ძალაში შესვლის თარიღი ეგზემპლარის სახეობა საჯარო შენიშვნა
          ბათუმის შოთა რუსთაველის სახელმწიფო უნივერსიტეტის მთავარი ბიბლიოთეკა ბათუმის შოთა რუსთაველის სახელმწიფო უნივერსიტეტის მთავარი ბიბლიოთეკა წიგნსაცავი 2018-12-17 12.00 576(075.8) ც-75 1900 2018-12-17 1900 2018-12-17 წიგნი 12 ლ.